000 00358nam a2200145 a 4500
005 20140414131906.0
008 050928s19uu xx 00 eng d
020 _a
050 _aFIC
_bSt1 2000
100 _aSinger, A.L.
245 _aPodrace to freedom.
260 _aNew York :
_bScholastic ,
_c2000.
440 _aStar Wars Episode 1
999 _c110945
_d110945